000 01455nam a22001937a 4500
999 _c17988
_d17984
003 AR-BaUME
005 20260306113429.0
008 260306b ||||| |||| 00| 0 spa d
040 _aUMET Biblioteca
_bspa
_cUMET Biblioteca
100 _aCasadei, Lucila Maria Sofia
_927294
245 _aUna mirada desde la Gestión Social de Patitas en Acción a la sobrepoblación de perros en Argentina /
_cLucila Maria Sofia Casadei; tutor Sebastián Barbosa
250 _a1a ed.
260 _aCiudad de Buenos Aires :
_bUMET,
_c2022
300 _a89 p. :
502 _aTesis (Licenciatura en Gestión Social y de las Organizaciones) -
_cUniversidad Metropolitana para la Educación y el Trabajo, Ciudad de Buenos Aires,
_d2022.
520 _a"Para mi trabajo integrador final de la Licenciatura en Gestión Social y de las Organizaciones en la Universidad Metropolitana de la Educación y el Trabajo, realicé una contextualización sobre la problemática de los perros en situación de calle en el Área Metropolitana de Buenos Aires, Argentina. Si bien hay investigaciones sobre este tema, yo me propongo analizar desde la importancia para los perros en situación de calle de encontrar un hogar y de que haya control poblacional en el país y no desde la mirada más común y a mi criterio etnocentrista: la sobrepoblación solo como cuestión de Salud Pública."
_c(introducción)
700 _aBarbosa, Sebastián
_etut.
_927295
942 _2udc
_cTESIS GR